<?xml version="1.0" encoding="UTF-8"?>
<record
    xmlns:xsi="http://www.w3.org/2001/XMLSchema-instance"
    xsi:schemaLocation="http://www.loc.gov/MARC21/slim http://www.loc.gov/standards/marcxml/schema/MARC21slim.xsd"
    xmlns="http://www.loc.gov/MARC21/slim">

  <leader>01099nas a2200277 i 4500</leader>
  <controlfield tag="001">2405</controlfield>
  <controlfield tag="003">ES-MaACL</controlfield>
  <controlfield tag="005">20250217134625.0</controlfield>
  <controlfield tag="007">t|</controlfield>
  <controlfield tag="008">950801c1852    gw  |         |  1 ||er d</controlfield>
  <datafield tag="080" ind1=" " ind2=" ">
    <subfield code="a">430</subfield>
  </datafield>
  <datafield tag="245" ind1="0" ind2="0">
    <subfield code="a">Zeitschrift f&#xFC;r vergleichende Sprachforschung auf dem gebiete des deutschen, griechischen und lateinischen / </subfield>
    <subfield code="c">herausgegeben von Theodor Aufrecht und Adalbert Kuhn.</subfield>
  </datafield>
  <datafield tag="260" ind1=" " ind2=" ">
    <subfield code="a">Berlin : </subfield>
    <subfield code="b">Ferd. D&#xFC;mmler, </subfield>
    <subfield code="c">1852- (</subfield>
    <subfield code="f">A.W. Schade)</subfield>
  </datafield>
  <datafield tag="300" ind1=" " ind2=" ">
    <subfield code="a">33 v. ; </subfield>
    <subfield code="c">23 cm.</subfield>
  </datafield>
  <datafield tag="362" ind1="0" ind2=" ">
    <subfield code="a">T. I (1852)-</subfield>
  </datafield>
  <datafield tag="500" ind1=" " ind2=" ">
    <subfield code="a">No se public&#xF3; durante los a&#xF1;os 1876-78, 1880, 1890-91, 1894 y 1897.</subfield>
  </datafield>
  <datafield tag="650" ind1="1" ind2="4">
    <subfield code="a">Ling&#xFC;&#xED;stica. Filolog&#xED;a.</subfield>
    <subfield code="9">14477</subfield>
  </datafield>
  <datafield tag="700" ind1="1" ind2=" ">
    <subfield code="a">Aufrecht, Theodor, </subfield>
    <subfield code="e">dir.</subfield>
    <subfield code="9">194483</subfield>
  </datafield>
  <datafield tag="700" ind1="1" ind2=" ">
    <subfield code="a">Kuhn, Adalbert, </subfield>
    <subfield code="e">dir.</subfield>
    <subfield code="9">194484</subfield>
  </datafield>
  <datafield tag="700" ind1="1" ind2=" ">
    <subfield code="a">Kuhn, E., </subfield>
    <subfield code="e">dir.</subfield>
    <subfield code="9">227640</subfield>
  </datafield>
  <datafield tag="700" ind1="1" ind2=" ">
    <subfield code="a">Schmidt, J., </subfield>
    <subfield code="e">dir.</subfield>
    <subfield code="9">227641</subfield>
  </datafield>
  <datafield tag="785" ind1="0" ind2="0">
    <subfield code="t">Zeitschrift f&#xFC;r vergleichende Sprachforschung auf dem Gebiete der indogermanischen Sprachen, </subfield>
    <subfield code="d">1875</subfield>
  </datafield>
  <datafield tag="852" ind1=" " ind2=" ">
    <subfield code="a">ES-MaACL</subfield>
    <subfield code="j">Hem-201</subfield>
  </datafield>
  <datafield tag="866" ind1=" " ind2="0">
    <subfield code="o">1852-70,1873-75.1879.1881.1883,1887-89.1892-93.1895-96.1898-99.</subfield>
  </datafield>
  <datafield tag="999" ind1=" " ind2=" ">
    <subfield code="c">2405</subfield>
    <subfield code="d">2405</subfield>
  </datafield>
  <datafield tag="952" ind1=" " ind2=" ">
    <subfield code="0">0</subfield>
    <subfield code="1">0</subfield>
    <subfield code="4">0</subfield>
    <subfield code="7">0</subfield>
    <subfield code="8">Hemeroteca</subfield>
    <subfield code="a">ATENEOM</subfield>
    <subfield code="b">ATENEOM</subfield>
    <subfield code="c">DEPO1</subfield>
    <subfield code="d">2008-01-17</subfield>
    <subfield code="e">SC</subfield>
    <subfield code="l">0</subfield>
    <subfield code="o">Hem-201</subfield>
    <subfield code="p">1002446</subfield>
    <subfield code="r">2023-02-23 00:00:00</subfield>
    <subfield code="w">2023-02-23</subfield>
    <subfield code="y">PERIODICA</subfield>
  </datafield>
</record>
